Science Quiz

Random Science or Letter Quiz

Element Symbols Ending in Vowels Quiz Stats

 Plays Quiz Updated Mar 30, 2020

Support Sporcle.
Go Orange.
Score 0/37 Timer 06:00
0 Plays Today
Element % Correct
Helium (He)
82.4%
Gold (Au)
77.5%
Sodium (Na)
77.3%
Iron (Fe)
76.2%
Calcium (Ca)
75.6%
Lithium (Li)
72.5%
Copper (Cu)
72.4%
Neon (Ne)
71.1%
Oxygen (O)
71%
Beryllium (Be)
70.6%
Cobalt (Co)
68.6%
Iodine (I)
68.2%
Barium (Ba)
65.7%
Xenon (Xe)
62.8%
Silicon (Si)
62.3%
Radium (Ra)
61.7%
Nickel (Ni)
61.2%
Gallium (Ga)
60.6%
Uranium (U)
59.9%
Element % Correct
Germanium (Ge)
57.7%
Selenium (Se)
56.8%
Titanium (Ti)
53.3%
Bismuth (Bi)
52.6%
Polonium (Po)
49.7%
Lanthanum (La)
49.1%
Molybdenum (Mo)
48.6%
Cerium (Ce)
45.9%
Plutonium (Pu)
43.7%
Tellurium (Te)
43%
Europium (Eu)
40.2%
Tantalum (Ta)
39.2%
Rhenium (Re)
37.7%
Holmium (Ho)
36.8%
Ruthenium (Ru)
34.8%
Nobelium (No)
34.1%
Lutetium (Lu)
32.4%
Protactinium (Pa)
26.2%

From the Vault

Hidden Talents of Famous People

by needapausebutton

You shouldn't underestimate people. Especially when those people are already famous.
Remove Ads.
Support Sporcle.
Get the best of Sporcle when you Go Orange. This ad-free experience offers more features, more stats, and more fun while also helping to support Sporcle. Thank you for becoming a member.

Show Comments

Extras

Top Quizzes Today


Score Distribution

Your Account Isn't Verified!

In order to create a playlist on Sporcle, you need to verify the email address you used during registration. Go to your Sporcle Settings to finish the process.

Report this User

Report this user for behavior that violates our Community Guidelines.

Details: